UM Logo

Does interleaved practice enhance foreign language learning? the effects of training schedule on Spanish verb conjugation skills / (Record no. 23880)

MARC details
000 -LEADER
fixed length control field 01193nam a22002657a 4500
003 - CONTROL NUMBER IDENTIFIER
control field OSt
005 - DATE AND TIME OF LATEST TRANSACTION
control field 20260224111956.0
008 - FIXED-LENGTH DATA ELEMENTS--GENERAL INFORMATION
fixed length control field 250925b |||||||| |||| 00| 0 eng d
040 ## - CATALOGING SOURCE
Transcribing agency 0
082 ## - DEWEY DECIMAL CLASSIFICATION NUMBER
Classification number DPer 370.15 J826 October-November 2019 v. 111 n. 7-8
100 ## - MAIN ENTRY--PERSONAL NAME
Personal name Pan, Steven C.
Relator term author.
9 (RLIN) 68136
245 ## - TITLE STATEMENT
Title Does interleaved practice enhance foreign language learning? the effects of training schedule on Spanish verb conjugation skills /
Statement of responsibility, etc. Steven C. Pan, Jahan Tajran, Jarrett Lovelett, Jessica Osuna, and Timothy C. Rickard.
260 ## - PUBLICATION, DISTRIBUTION, ETC. (IMPRINT)
Place of publication, distribution, etc. Washington, DC ;
Name of publisher, distributor, etc. American Psychological Association ,
Date of publication, distribution, etc. October 2019.
300 ## - PHYSICAL DESCRIPTION
Extent Volume 111, pages 1172-1188 :
Other physical details illustration ;
Dimensions 28 cm.
500 ## - GENERAL NOTE
General note Journal of Educational Psychology, vol. 111, no. 7, pages 1172-1188, October 2019.
650 #0 - SUBJECT ADDED ENTRY--TOPICAL TERM
Topical term or geographic name as entry element Educational experiments.
9 (RLIN) 68138
650 #0 - SUBJECT ADDED ENTRY--TOPICAL TERM
Topical term or geographic name as entry element Outcomes of education.
9 (RLIN) 64911
650 #0 - SUBJECT ADDED ENTRY--TOPICAL TERM
Topical term or geographic name as entry element Second language learning.
9 (RLIN) 68140
700 ## - ADDED ENTRY--PERSONAL NAME
Personal name Pan, Steven C.
Relator term author.
9 (RLIN) 68136
700 ## - ADDED ENTRY--PERSONAL NAME
Personal name Tajran, Jahan.
Relator term author.
9 (RLIN) 68141
700 ## - ADDED ENTRY--PERSONAL NAME
Personal name Lovelett, Jarrett.
Relator term author.
9 (RLIN) 68142
700 ## - ADDED ENTRY--PERSONAL NAME
Personal name Osuna, Jessica.
Relator term author.
9 (RLIN) 68143
700 ## - ADDED ENTRY--PERSONAL NAME
Personal name Rickard, Timothy C.
Relator term author.
9 (RLIN) 68144
942 ## - ADDED ENTRY ELEMENTS (KOHA)
Source of classification or shelving scheme Dewey Decimal Classification
Koha item type Periodicals
Holdings
Withdrawn status Lost status Source of classification or shelving scheme Damaged status Not for loan Collection code Home library Current library Date acquired Total Checkouts Full call number Date last seen Price effective from Koha item type Public note
    Dewey Decimal Classification     Periodicals UM Digos College - LIC UM Digos College - LIC 09/25/2025   DPer 370.15 J826 October-November 2019 v. 111 n. 7-8 09/25/2025 09/25/2025 Periodicals Periodical Article